| 000 | 00000nam 2200000za 4500 |
| 001 | 9.648255 |
| 003 | CaOODSP |
| 005 | 20200331025945 |
| 007 | ta |
| 008 | 150407s2001 oncd # f000 0 eng d |
| 020 | |a0-662-30836-0 |
| 040 | |aCaOODSP|beng |
| 043 | |an-cn--- |
| 086 | 1 |aM92-229/2001E |
| 100 | 1 |aDockrill, Paul. |
| 245 | 10|aBoilers and heaters : |bimproving energy efficiency / |cwritten by Paul Dockrill, Frank Friedrich. |
| 260 | |aOttawa : |bNatural Resources Canada, Office of Energy Efficiency : |bCanadian Industry Program for Energy Conservation, |c2001. |
| 300 | |aiii, 18 p. : |bgraphs ; |c28 cm. |
| 500 | |a"August 2001." |
| 500 | |aTitle from cover. |
| 500 | |aIssued also in French under title: Amélioration de l'efficacité énergétique des systèmes de chauffage. |
| 500 | |aProduced in partnership with: Ontario Government, Uniongas, Enbridge Consumers Gas. |
| 520 | |a"This guidebook, provided by Natural Resources Canada’s (NRCan’s) Office of Energy Efficiency (OEE), is for owners and operators of boilers and heaters who want to save energy, improve their bottom line and reduce greenhouse gas emissions that contribute to climate change. As these readers already know the basics of combustion processes and relevant plant operations, these concepts, as well as the environmental effects of combustion, particularly nitrogen oxide (NOx) emissions, are mentioned only briefly. Detailed information can be found elsewhere. The guidebook focuses on giving practical tips on improving the energy effectiveness of boiler and heater operations. It aims to stimulate thinking about the ways to achieve greater energy efficiency and to lessen the environmental consequences of energy use, in keeping with the Government of Canada’s policy on climate change."--Foreword. |
| 692 | 07|2gccst|aHeating |
| 692 | 07|2gccst|aEnergy efficiency |
| 692 | 07|2gccst|aClimate change |
| 700 | 1 |aFriedrich, F. D., |d1935- |
| 710 | 1 |aCanada.|bNatural Resources Canada. |bOffice of Energy Efficiency. |
| 710 | 2 |aCanadian Industry Program for Energy Conservation. |
| 775 | 08|tAmélioration de l'efficacité énergétique des systèmes de chauffage |w(CaOODSP)9.681571 |
| 776 | 0#|tBoilers and heaters |w(CaOODSP)9.834229 |